01271cam a2200325 a 45000010009000000050017000090080041000260100017000670200018000840200015001020350013001170350021001300400049001510500027002000820016002271000028002432450103002712600046003743000021004205040056004415830041004976000040005386500043005786500023006218560081006449060045007259420012007709990017007829520146007991530425320260630160326.0080523s2008 ilu b 000 0 eng  a 2008022649 a9780830834723 a0830834729 a15304253 a(OCoLC)223907736 aDLCcDLCdYDXdBTCTAdBAKERdYDXCPdBWXdDLC00aBX4406.5.Z8bP665 200800a271/.972221 aPoplin, Mary S.,d1951-10aFinding Calcutta :bwhat Mother Teresa taught me about meaningful work and service /cMary Poplin. aDowners Grove, Ill. :bIVP Books,cc2008. a222 p. ;c21 cm. aIncludes bibliographical references (p. [189]-209). aCataloguing:c20260630kmketermketer00aTeresa,cMother, Saint,d1910-1997. 0aWorkxReligious aspectsxChristianity. 0aService (Theology)413Table of contents onlyuhttp://www.loc.gov/catdir/toc/fy0904/2008022649.html a7bcbccorignewd1eecipf20gy-gencatlg 2lcccBK c21736d21735 00102lcc70aKABUbKABUcGENd2026-06-30eDonationi2026/4387l0oBX4406.5.Z8 P665 2008 C.1p38124r2026-06-30 16:05:07tC.1w2026-06-30yBK